Nepodporenie vedy predĺži krízu

Novinka Európskej komisie (EK) - PPP projekty v oblasti vedy a výskumu, kde polovicu prispeje EK a polovicu súkromný sektor. Oblasti projektov, strojárstvo a stavebníctvo, u ktorých je predpoklad, že vytvoria najviac pracovných miest. Témy projektov. Špecifiká výskumu. Problém slovenskej ekonomiky j...

Description complète

Enregistré dans:
Détails bibliographiques
Auteur principal: Takáč, František
Format: Chapitre de livre
Langue:slovaque
Sujets:
Tags: Ajouter un tag
Pas de tags, Soyez le premier à ajouter un tag!

MARC

LEADER 00000naa$a2200000$$$4500
001 0104166
005 20231011121543.4
041 0 |a slo 
044 |a SK 
245 1 0 |a Nepodporenie vedy predĺži krízu  |c František Takáč 
520 |a Novinka Európskej komisie (EK) - PPP projekty v oblasti vedy a výskumu, kde polovicu prispeje EK a polovicu súkromný sektor. Oblasti projektov, strojárstvo a stavebníctvo, u ktorých je predpoklad, že vytvoria najviac pracovných miest. Témy projektov. Špecifiká výskumu. Problém slovenskej ekonomiky je chýbajúca spolupráca univerzít s firmami. PPP a technologické parky. Nevyhnutnosť podpory štátu pre vedu a výskum. 
610 2 0 |a partnerstvo verejno-súkromné 
610 2 0 |a projekty 
610 2 0 |a veda 
610 2 0 |a výskum 
610 2 0 |a financovanie 
610 2 0 |a parky vedeckotechnické 
100 1 |a Takáč, František